00497nam a2200193 a 4500001001300000003000900013005001700022008004100039020002300080082002000103100001900123245003500142260003100177300000900208500003500217505001000252650002200262700001900284nice12345678IN_TiNIC20260116013338.0050524s1998 dela grp 000 0 eng  a8186962 c12500a324.245408bKOT aKothari, Rajni aCommunalism in Indian Politics aDelhi bRainbow Pub c1998 a224p aincludes index and biblioraphy2 aIndex aCommunalism-India1 aKothari, Rajni